00648nam a2200181Ia 4500001002100000003000900021008004100030040002300071041001300094100002800107245007800135250001500213260004500228300001900273501012400292520001600416700003400432838-GOE jo op (8635)IT-MiSPE171229s9999||||xx |||||||||||||| ||und|| aIT-MiSPEcIT-MiSPE aITALIANO aJohann Wolfgang Goethe  0aOpere sceltebFaust; Le affinità elettive; I dolori del giovane Werther a1a ed. (v) aTorino; MilanobEinaudi: CDEc(st.) 1989 a660 p. c24 cm aEdizioni San Paolo srl - Piazza Soncino, 5 - 20092 CINISELLO BALSAMO (MI) (non commercial uses only) ® Copyright 2018 aAA.VV. Tav. aBarbara Allasong(traduzione)